[Event "FICGS rapid C 000021 email"]
[Site "FICGS email"]
[Date "2007.02.05"]
[Round "1"]
[White "Peters, Kim"]
[Black "O Brien, Glenn"]
[Result "0-1"]
[WhiteElo "1400"]
[BlackElo "1092"]
[PlyCount "28"]
[EventDate "2007.??.??"]
[EventType "tourn (rapid)"]
[EventRounds "4"]
[SourceTitle "Corr 2022"]
[Source "ChessBase"]
[SourceDate "2021.10.24"]
[SourceVersion "1"]
[SourceVersionDate "2021.10.24"]
[SourceQuality "1"]

1. e4 e5 2. Nf3 Nc6 3. c3 Nf6 4. d4 exd4 5. cxd4 Nxe4 6. Nc3 Nxc3 7. bxc3 d5 8. c4 Bb4+ 9. Bd2 Qe7+ 10. Qe2 Bxd2+ 11. Nxd2 Nxd4 12. Qxe7+ Kxe7 13. 0-0-0 Be6 14. Nf3 Nxf3 0-1

[Event "IECC CL8-2006.03 email"]
[Site "IECC email"]
[Date "2006.04.16"]
[Round "?"]
[White "Magee, Kerry"]
[Black "Peters, Kim"]
[Result "1/2-1/2"]
[WhiteElo "853"]
[BlackElo "1000"]
[PlyCount "44"]
[EventDate "2006.??.??"]
[EventType "tourn (corr)"]
[EventRounds "4"]
[SourceTitle "Corr 2020"]
[Source "ChessBase"]
[SourceDate "2019.09.30"]
[SourceVersion "1"]
[SourceVersionDate "2019.09.30"]
[SourceQuality "1"]
[WhiteTeam "United States"]
[BlackTeam "United States"]
[WhiteTeamCountry "USA"]
[BlackTeamCountry "USA"]

1. d4 d5 2. c4 Nf6 3. Nc3 c6 4. Nf3 g6 5. cxd5 cxd5 6. e3 e6 7. Bd3 Nc6 8. 0-0 Bd6 9. e4 dxe4 10. Nxe4 Nd5 11. Bg5 f6 12. Nxd6+ Ke7 13. Nxc8+ Rxc8 14. Bd2 Ncb4 15. Bxb4+ Nxb4 16. Be4 Qc7 17. d5 f5 18. Bd3 exd5 19. Qc1 Nxd3 20. Qxc7+ Rxc7 21. b3 h5 22. Rad1 Rc3 1/2-1/2